| 000 | 00380cam a2200133ua 4500 | ||
|---|---|---|---|
| 003 | OSt | ||
| 008 | 221104b |||||||| |||| 00| 0 eng d | ||
| 041 | _aeng | ||
| 082 |
_a320.84 _bMIN/JA |
||
| 245 | _aJawaharlal Nehru on community development: Panchayati raj and co-operation / | ||
| 260 |
_aIndia : _bMinistry of Community Development , _c1965. |
||
| 300 | _a165 ; . | ||
| 942 | _cBK | ||
| 999 |
_c1578 _d1578 |
||